000
00337nam a2200145Ia 4500
008
150201s2011 xx 000 0 und d
082
_a
612.015
_b
B2011S
100
_a
SHARMA,D.C.
245
_a
BIO-CHEMISTRY FOR NURSES
250
_a
1ST
260
_b
AITBS
_a
DELHI
_c
2011
300
_a
1-398
650
_a
BIOCHEMISTRY
942
_2
ddc
_c
BK
999
_c
4580
_d
4580